000
00322nam a2200145Ia 4500
008
210210b1968 xxu||||| |||| 00| 0 eng d
082
_a
780 VOIM
100
_a
VOICE OF AMERICA forum lectures.
245
_a
Music.
260
_a
Madras
_b
_c
1968
300
_a
148
650
_a
Music
690
_a
Music
906
_a
030017
999
_c
81214
_d
81214